|
|
|
|
| LEADER |
00000nam a2200000 i 4500 |
| 001 |
DIGTRO0070 |
| 003 |
NyNyDIG |
| 006 |
m o d |
| 008 |
210630s2018 sp ab ob 000 0 spa d |
| 007 |
cr ||||||||||| |
| 035 |
|
|
|a (OCoLC)1260470067
|
| 040 |
|
|
|a DGITA
|b eng
|e rda
|e pn
|c DGITA
|
| 020 |
|
|
|a 9788498799125
|q eBook
|
| 020 |
|
|
|a 8498799120
|q eBook
|
| 020 |
|
|
|z 9788498797305
|
| 020 |
|
|
|z 8498797306
|
| 050 |
1 |
4 |
|a PJ3771.G6 ebook
|
| 245 |
0 |
0 |
|a Gilgameš, rey de Uruk /
|c edición y traducción de Joaquín Sanmartín.
|
| 264 |
|
1 |
|a Madrid :
|b Editorial Trotta,
|c [2018]
|
| 300 |
|
|
|a 1 online resource :
|b illustrations, map.
|
| 336 |
|
|
|a text
|2 rdacontent
|
| 337 |
|
|
|a computer
|b c
|2 rdamedia
|
| 338 |
|
|
|a online resource
|b cr
|2 rdacarrier
|
| 347 |
|
|
|a text file
|2 rdaft
|
| 347 |
|
|
|b PDF
|
| 490 |
1 |
|
|a Biblioteca de Ciencias bíblicas y orientales ;
|v 10
|
| 504 |
|
|
|a Includes bibliographical references.
|
| 588 |
0 |
|
|a Online resource; title from PDF title page (Digitalia, viewed June 30, 2021)
|
| 600 |
0 |
0 |
|a Gilgamesh
|c (Legendary character)
|x Criticism, interpretation, etc.
|
| 600 |
0 |
0 |
|a Gilgamesh
|c (Legendary character)
|x In literature.
|
| 655 |
|
0 |
|a Electronic books.
|
| 700 |
1 |
|
|a Sanmartín, Joaquín,
|e editor.
|
| 791 |
2 |
|
|a Digitalia (Firm),
|e distributor.
|
| 730 |
0 |
|
|a Gilgamesh.
|l Spanish
|s (Sanmartín)
|
| 793 |
0 |
|
|g Digitalia eBook Collection:
|a Trotta Editorial
|
| 776 |
0 |
8 |
|i Print version:
|t Gilgameš, rey de Uruk.
|d Madrid : Editorial Trotta, [2018?]
|z 9788498797305
|w (OCoLC)1113296470
|
| 830 |
|
0 |
|a Biblioteca de ciencias bíblicas y orientales ;
|v 10.
|
| 856 |
4 |
0 |
|3 Digitalia Hispánica
|u https://www.digitaliapublishing.com/a/67380/
|
| 910 |
|
|
|a Premium collection: 2021
|